MARC details
| 000 -LEADER |
| fixed length control field |
01684cam a2200469Ia 4500 |
| 001 - CONTROL NUMBER |
| control field |
sjds1062019 |
| 003 - CONTROL NUMBER IDENTIFIER |
| control field |
sjds |
| 005 - DATE AND TIME OF LATEST TRANSACTION |
| control field |
20180421161446.0 |
| 008 - FIXED-LENGTH DATA ELEMENTS--GENERAL INFORMATION |
| fixed length control field |
110417t20112011utua a 000 1 eng |
| 010 ## - LIBRARY OF CONGRESS CONTROL NUMBER |
| LC control number |
2010910827 |
| 020 ## - INTERNATIONAL STANDARD BOOK NUMBER |
| International Standard Book Number |
9780977606528 (pbk.) |
| 020 ## - INTERNATIONAL STANDARD BOOK NUMBER |
| International Standard Book Number |
097760652X (pbk.) |
| 035 ## - SYSTEM CONTROL NUMBER |
| System control number |
492267 |
| 035 ## - SYSTEM CONTROL NUMBER |
| System control number |
(OCoLC)712990160 |
| 035 ## - SYSTEM CONTROL NUMBER |
| System control number |
492267 |
| 040 ## - CATALOGING SOURCE |
| Original cataloging agency |
BKX |
| Transcribing agency |
BKX |
| Modifying agency |
BKX |
| -- |
BDX |
| -- |
ZHX |
| -- |
LMJ |
| -- |
IFA |
| -- |
UtOrBLW |
| 041 0# - LANGUAGE CODE |
| Language code of text/sound track or separate title |
eng |
| -- |
spa |
| 049 ## - LOCAL HOLDINGS (OCLC) |
| Holding library |
IFAA |
| 099 ## - LOCAL FREE-TEXT CALL NUMBER (OCLC) |
| Classification number |
ESPANOL PICTURE BOOKS BECKSTRAND 2011 |
| 100 1# - MAIN ENTRY--PERSONAL NAME |
| Personal name |
Beckstrand, Karl William, |
| Relator term |
author. |
| 245 10 - TITLE STATEMENT |
| Title |
Ella no quiere los gusanos = |
| Remainder of title |
She doesn't want the worms / |
| Statement of responsibility, etc. |
by Karl Beckstrand ; illustrated by David Hollenbach. |
| 246 31 - VARYING FORM OF TITLE |
| Title proper/short title |
She doesn't want the worms |
| 246 30 - VARYING FORM OF TITLE |
| Title proper/short title |
Worms |
| 260 ## - PUBLICATION, DISTRIBUTION, ETC. (IMPRINT) |
| Place of publication, distribution, etc. |
Midvale, UT : |
| Name of publisher, distributor, etc. |
Gozo Books, |
| Date of publication, distribution, etc. |
c2011 |
| 264 #1 - PRODUCTION, PUBLICATION, DISTRIBUTION, MANUFACTURE, AND COPYRIGHT NOTICE |
| Place of production, publication, distribution, manufacture |
Midvale, UT : |
| Name of producer, publisher, distributor, manufacturer |
Gozo Books, |
| Date of production, publication, distribution, manufacture, or copyright notice |
[2011] |
| 264 #4 - PRODUCTION, PUBLICATION, DISTRIBUTION, MANUFACTURE, AND COPYRIGHT NOTICE |
| Date of production, publication, distribution, manufacture, or copyright notice |
c2011 |
| 300 ## - PHYSICAL DESCRIPTION |
| Extent |
1 volume (unpaged) : |
| Other physical details |
color illustrations ; |
| Dimensions |
26 cm |
| 336 ## - CONTENT TYPE |
| Content type term |
text |
| Content type code |
txt |
| Source |
rdacontent |
| 337 ## - MEDIA TYPE |
| Media type term |
unmediated |
| Media type code |
n |
| Source |
rdamedia |
| 338 ## - CARRIER TYPE |
| Carrier type term |
volume |
| Carrier type code |
nc |
| Source |
rdacarrier |
| 520 ## - SUMMARY, ETC. |
| Summary, etc. |
Ella's very picky about which animals she likes, reserving a special distaste for insects and other non-mammals. |
| 521 1# - TARGET AUDIENCE NOTE |
| Target audience note |
Ages 002-008. |
| 546 ## - LANGUAGE NOTE |
| Language note |
Text in English and Spanish. |
| 650 #0 - SUBJECT ADDED ENTRY--TOPICAL TERM |
| Topical term or geographic name as entry element |
Insects |
| Form subdivision |
Juvenile fiction. |
| 650 #0 - SUBJECT ADDED ENTRY--TOPICAL TERM |
| Topical term or geographic name as entry element |
Animals |
| Form subdivision |
Juvenile fiction. |
| 650 #0 - SUBJECT ADDED ENTRY--TOPICAL TERM |
| Topical term or geographic name as entry element |
Spanish language materials |
| General subdivision |
Bilingual |
| Form subdivision |
Juvenile literature. |
| 650 #7 - SUBJECT ADDED ENTRY--TOPICAL TERM |
| Topical term or geographic name as entry element |
Insectos |
| Form subdivision |
Novela juvenil. |
| Source of heading or term |
bidex |
| 650 #7 - SUBJECT ADDED ENTRY--TOPICAL TERM |
| Topical term or geographic name as entry element |
Animales |
| Form subdivision |
Novela juvenil. |
| Source of heading or term |
bidex |
| 650 #7 - SUBJECT ADDED ENTRY--TOPICAL TERM |
| Topical term or geographic name as entry element |
Materiales bilingües en español |
| Form subdivision |
Literatura juvenil. |
| Source of heading or term |
bidex |
| 700 1# - ADDED ENTRY--PERSONAL NAME |
| Personal name |
Hollenbach, David, |
| Relator term |
illustrator. |
| 942 ## - ADDED ENTRY ELEMENTS (KOHA) |
| Koha item type |
Libro/Book |
| Source of classification or shelving scheme |
Dewey Decimal Classification |